Sports Quiz

Random Sports or Football Quiz
Score 0/33 Timer 04:00
0 Plays Today
% Correct
Terry
100%
Rocky
100%
L.C.
100%
Mel
100%
Art
91.7%
Chuck
91.7%
Franco
91.7%
John (Frenchy)
91.7%
John
91.7%
Lynn
91.7%
Mike
91.7%
(mean) Joe
91.7%
Jack
91.7%
Jack
91.7%
Donnie
83.3%
Joe
83.3%
Roy
83.3%
% Correct
Dwight
75%
Ernie
58.3%
J T
58.3%
Bobby
58.3%
John
50%
Ray
50%
Gerry
50%
Andy
50%
Mike
50%
Steve
50%
Frank
41.7%
Larry
41.7%
Jim
41.7%
Glen
41.7%
Gordon
33.3%
Mike
33.3%
Remove Ads.
Support Sporcle.
Get the best of Sporcle when you Go Orange. This ad-free experience offers more features, more stats, and more fun while also helping to support Sporcle. Thank you for becoming a member.

You're not logged in!

Compare scores with friends on all Sporcle quizzes.
OR
Log In

Sporcle TV

Today on Sporcle TV


Watch our educational content, quiz creation guides, and fun videos on Sporcle TV.

Show Comments

Extras

Top Quizzes Today


Score Distribution

Paid Content

Your Account Isn't Verified!

In order to create a playlist on Sporcle, you need to verify the email address you used during registration. Go to your Sporcle Settings to finish the process.

Report this User

Report this user for behavior that violates our Community Guidelines.

Details: